000 00367cam a2200145 i 4500
008 180629s2019 nyu 000 1 eng
020 _a9781250175458 (hardcover)
050 0 0 _aPS3603.H664
_bN54 2019
082 0 0 _a813/.6
100 1 _aChoo, Yangsze,
245 1 4 _aThe night tiger /
_cYangsze Choo.
250 _aFirst Edition.
300 _a372 pages ;
942 _cBK
999 _c2301
_d2301